Choosing simplicity :real people finding peace and fulfillment in a complex world / (Record no. 2449)

000 -LEADER
fixed length control field 00969cam a2200277 a 4500
001 - CONTROL NUMBER
control field 203790
003 - CONTROL NUMBER IDENTIFIER
control field OSt
005 - DATE AND TIME OF LATEST TRANSACTION
control field 20160725091249.0
008 - FIXED-LENGTH DATA ELEMENTS--GENERAL INFORMATION
fixed length control field 990513s2000 cau b 001 0 eng
010 ## - LIBRARY OF CONGRESS CONTROL NUMBER
LC control number 99063503
020 ## - INTERNATIONAL STANDARD BOOK NUMBER
International Standard Book Number 0967206715 (acidfree paper)
040 ## - CATALOGING SOURCE
Original cataloging agency DLC
Transcribing agency DLC
Modifying agency DLC
050 00 - LIBRARY OF CONGRESS CALL NUMBER
Classification number BJ1496.P555 2000
082 00 - DEWEY DECIMAL CLASSIFICATION NUMBER
Classification number 646.7
Edition number 21
100 1# - MAIN ENTRY--PERSONAL NAME
Personal name Pierce, Linda Breen.
245 10 - TITLE STATEMENT
Title Choosing simplicity :real people finding peace and fulfillment in a complex world /
Statement of responsibility, etc Linda Breen Pierce.
250 ## - EDITION STATEMENT
Edition statement 1st ed.
260 ## - PUBLICATION, DISTRIBUTION, ETC. (IMPRINT)
Place of publication, distribution, etc Carmel, CA :
Name of publisher, distributor, etc Gallagher Press,
Date of publication, distribution, etc c2000.
300 ## - PHYSICAL DESCRIPTION
Extent 348 p. ;
Dimensions 23 cm.
504 ## - BIBLIOGRAPHY, ETC. NOTE
Bibliography, etc Includes bibliographical references (p. [327]-342) and index.
650 #0 - SUBJECT ADDED ENTRY--TOPICAL TERM
Topical term or geographic name as entry element Simplicity.
650 #0 - SUBJECT ADDED ENTRY--TOPICAL TERM
Topical term or geographic name as entry element Conduct of life.
906 ## - LOCAL DATA ELEMENT F, LDF (RLIN)
a 7
b cbc
c orignew
d 2
e opcn
f 19
g y-gencatlg
942 ## - ADDED ENTRY ELEMENTS (KOHA)
Source of classification or shelving scheme
Koha item type Book

No items available.


Riara University Library,
P.O. Box 49940-00100,
Nairobi, Kenya.